| 000 | 00673nam a2200205 a 4500 | ||
|---|---|---|---|
| 001 | 000021437 | ||
| 005 | 20200930011328.0 | ||
| 008 | 100907s1955 sp r 000 | spa d | ||
| 040 |
_aDO-SdBNP _bspa _cBNPHU |
||
| 082 |
_axxx _bF773m |
||
| 100 | 1 |
_aFourastié, Jean _d1907-1990 _944728 |
|
| 240 | 0 |
_aMachinisme et bien-être _lespañol |
|
| 245 | 1 | 0 |
_aMaquinismo y bienestar / _cJean Fourastié. |
| 260 |
_aBarcelona : _bArgos, _c1955. |
||
| 300 |
_a362 p., : _bil. ; _c18 cm. |
||
| 500 | _aIncluye notas y referencias al pie de páginas | ||
| 500 | _aIncluye bibliografía e índice de materias | ||
| 534 |
_aTítulo original : _tMachinisme et bien-être |
||
| 049 | _aBNGR | ||
| 999 |
_c20937 _d20937 |
||